ՀՀ Գիտությունների ազգային ակադեմիայի հիմնարար գիտական գրադարան  =   Fundamental Scientific Library of NAS RA

Տեղեկագիր... (Record no. 200037)

MARC details
000 -LEADER
fixed length control field 01159nam a2200253 u 4500
001 - CONTROL NUMBER
control field 000537002
003 - CONTROL NUMBER IDENTIFIER
control field AM-YeHGA
005 - DATE AND TIME OF LATEST TRANSACTION
control field 20250618072941.0
008 - FIXED-LENGTH DATA ELEMENTS--GENERAL INFORMATION
fixed length control field 070517s1883 tu r 000 0 arm d
040 ## - CATALOGING SOURCE
Original cataloging agency AM-YeHGA
041 0# - LANGUAGE CODE
Language code of text/sound track or separate title arm
090 ## - LOCALLY ASSIGNED LC-TYPE CALL NUMBER (OCLC); LOCAL CALL NUMBER (RLIN)
-- 201521
110 2# - MAIN ENTRY--CORPORATE NAME
Corporate name or jurisdiction name as entry element Միացեալ ընկերութիւնք հայոց
245 10 - TITLE STATEMENT
Title Տեղեկագիր...
260 ## - PUBLICATION, DISTRIBUTION, ETC.
Place of publication, distribution, etc. Կ. Պօլիս :
Name of publisher, distributor, etc. տպ. Մէճմուայը հավատիս լրագրոյ,
Date of publication, distribution, etc. 1883.
300 ## - PHYSICAL DESCRIPTION
Extent Տարի ;
Dimensions 27 սմ.
500 ## - GENERAL NOTE
General note Նպատակ Հայաստանի եւ Կիլիկիոյ մէջ կրթութիւն ծաւալել
500 ## - GENERAL NOTE
General note Սյունակագիր
505 10 - FORMATTED CONTENTS NOTE
Miscellaneous information Բ տարի (1883, 48, [2] էջ, աղյս.) :
Title Տեղեկագիր 1882 յունիս 1-1883 մայիս 31.
Miscellaneous information (1913, 128 էջ)
Title Տեղեկագիր 1 սեպտեմբերի 1911-1912 օգոստոս 31 : Միամյեայ շրջանի
610 14 - SUBJECT ADDED ENTRY--CORPORATE NAME
Corporate name or jurisdiction name as entry element Միացեալ ընկերութիւնք հայոց
650 14 - SUBJECT ADDED ENTRY--TOPICAL TERM
Topical term or geographic name entry element Բարեգործական ընկերություններ
Form subdivision Տեղեկագիր
9 (RLIN) 4792
650 14 - SUBJECT ADDED ENTRY--TOPICAL TERM
Topical term or geographic name entry element Վարժարաններ, ճեմարաններ, դպրոցներ
9 (RLIN) 4863
942 ## - ADDED ENTRY ELEMENTS (KOHA)
Source of classification or shelving scheme Universal Decimal Classification
Koha item type Գրքեր / Books
Koha issues (borrowed), all copies 1
Holdings
Withdrawn status Lost status Source of classification or shelving scheme Damaged status Not for loan Collection Home library Current library Date acquired Cost, normal purchase price Total checkouts Full call number Barcode Date last seen Date last checked out Price effective from Koha item type Public note
    Universal Decimal Classification     Agulian Individual Collection Fundamental Scientific Library Fundamental Scientific Library 28/12/2016 2.00 1 Agul/703 FL0080884 03/02/2025 03/02/2025 28/12/2016 Գրքեր / Books ILL Non-Circ.
    Universal Decimal Classification     Agulian Individual Collection Fundamental Scientific Library Fundamental Scientific Library 28/12/2016 5.00   Agul/704 FL0080885 28/12/2016   28/12/2016 Գրքեր / Books ILL Non-Circ.


ՀՀ ԳԱԱ հիմնարար գիտական գրադարան
ՀՀ,Երևան 0019
Մարշալ Բաղրամյան 24/6
հեռախոս:(374-10) 52-47-50
Հետադարձ կապ

All site content, except where otherwise noted, is licensed under a
Creative Commons License